000 00371nam a22001457a 4500
005 20260529112731.0
008 260529b |||||||| |||| 00| 0 eng d
041 _2ENGLISH
100 _aSCOTT WASSERMAN STERN
245 _aOUTSIDE THE BOX ORIGAMI
250 _a2011
260 _aU S
_bLIBRARY OF CONGRES CATALONGING
_c1/12/2025
300 _aH-112
942 _cBK
999 _c1222277
_d1222277